LEADER 00947cam0 2200277 450 001 E600200033347 005 20151006130247.0 100 $a20080121d2007 |||||ita|0103 ba 101 $aita 102 $aIT 200 1 $aGiurisprudenza civile 2007$eGuida ragionata per la prova scritta dell'esame di avvocato e uditore giudiziario$fRoberto Giovagnoli 210 $aMilano$cGiuffrè$d2007 215 $aXXVII, 717$d24 cm 225 2 $aPercorsi 300 $a(rp) 410 1$1001LAEC00023283$12001 $a*Percorsi 700 1$aGiovagnoli$b, Roberto$3A600200029507$4070$0304774 801 0$aIT$bUNISOB$c20151006$gRICA 850 $aUNISOB 852 $aUNISOB$j340$m137091 912 $aE600200033347 940 $aM 102 Monografia moderna SBN 941 $aM 957 $a340$b007875$gSI$d137091$racquisto$1pomicino$2UNISOB$3UNISOB$420080121081149.0$520151006130236.0$6catenacci 996 $aGiurisprudenza civile 2007$91683952 997 $aUNISOB